Central Library OPAC University of Rajshahi

High temperature heat carriers / (Record no. 67981)

MARC details
000 -LEADER
fixed length control field 00899nam a2200253 a 4500
001 - CONTROL NUMBER
control field 67981
003 - CONTROL NUMBER IDENTIFIER
rucl marc code BD-RjUL
005 - DATE AND TIME OF LATEST TRANSACTION
control field 20211209081722.0
008 - FIXED-LENGTH DATA ELEMENTS--GENERAL INFORMATION
fixed length control field 170329s1963 enka 000 0 eng
035 ## - SYSTEM CONTROL NUMBER
System control number (BD-RjUL)68190
System control number (OCoLC)2554042
040 ## - CATALOGING SOURCE
Original cataloging agency DLC
Transcribing agency OTU
Modifying agency BD-RjUL
-- DLC
Language of cataloging eng
041 ## - LANGUAGE CODE
Language code of text/sound track or separate title eng
082 ## - DEWEY DECIMAL CLASSIFICATION NUMBER
Classification number 660.28427
Edition number 23
Author mark and year CHH 1963
100 1# - MAIN ENTRY--PERSONAL NAME
Personal name Chechetkin, Aleksandr Vasil'evich.
9 (RLIN) 201497
245 10 - TITLE STATEMENT
Title High temperature heat carriers /
Statement of responsibility, etc. A. V. Chechetkin,Translated from the Russian by Frank L. Sinclair. Translation editor: H. G. Rhoden.
260 ## - PUBLICATION, DISTRIBUTION, ETC. (IMPRINT)
Place of publication, distribution, etc. [Oxford,
Name of publisher, distributor, etc. Pergamon Press,
-- distributed in the Western Hemisphere by] Macmillan,
Place of publication, distribution, etc. New York :
Date of publication, distribution, etc. c1963.
300 ## - PHYSICAL DESCRIPTION
Pagination xii, 307 p. :
Illustrations ill. ;
Size 22 cm.
650 #0 - SUBJECT ADDED ENTRY--TOPICAL TERM
Topical term or geographic name as entry element Heat
General subdivision Transmission.
9 (RLIN) 159949
700 ## - ADDED ENTRY--PERSONAL NAME
Personal name Sinclair, Frank L.
Personal name Rhoden, H. G.
942 ## - ADDED ENTRY ELEMENTS (KOHA)
Source of classification or shelving scheme Dewey Decimal Classification
Koha item type Books
Holdings
Lost status Source of classification or shelving scheme Damaged status Not for loan Collection code Permanent Location Current Location Shelving location Date acquired Source of acquisition Cost, normal purchase price Total Checkouts Full call number Date last seen Copy number Koha item type
  Dewey Decimal Classification   Not For Loan Non-fiction Central Library, University of Rajshahi Central Library, University of Rajshahi Reading Room 08/05/1964 Zeitlinger 60.00   660.28427 CHH 1963 29/03/2017 C-1 Books